Psicología industrial: su aplicación al personal de empresas

Guardado en:
Detalles Bibliográficos
Autores principales: Ghiselli, Edwin E (Autor), Brown, Clarence W (Autor)
Formato: Libro
Lenguaje:español
Publicado: Ciudad de México Letras 1959
Materias:
Etiquetas: Agregar Etiqueta
Sin Etiquetas, Sea el primero en etiquetar este registro!

MARC

LEADER 00000nam a2200000 a 4500
001 UCU6974
003 CL-VaPUC
008 960628e19590000MX |||||||||||||||||spa|d
082 0 4 |a 158.7  |b GHI  |2 21 
100 |a Ghiselli, Edwin E  |e author  |9 365405 
700 0 |a Brown, Clarence W  |e author  |9 365406 
245 1 0 |a Psicología industrial: su aplicación al personal de empresas 
300 |a 492 p 
942 |c BK 
945 |d 19960628 00:00:00  |a cmena 
260 |a Ciudad de México  |b Letras  |c 1959 
650 0 |a Psicología industrial  |9 271739 
650 0 |a Organización industrial   |9 260511 
650 0 |a Aspectos psicológicos  |9 258128 
650 0 |a Administración del personal  |9 260442 
650 0 |a Administración de empresas   |9 260833 
583 |a last modification  |c 19960628 00:00:00  |k Rodrigo Vera 
999 |c 249701  |d 249699 
952 |0 0  |1 0  |4 0  |6 158_700000000000000_GHI_1959  |7 0  |8 A  |9 267165  |a BIBING  |b BIBING  |d 2019-11-19  |i 1696254  |o 158.7 GHI 1959  |p 1696254  |r 2025-01-20  |w 2019-11-19  |y BK  |k ING